Wszystkie części Piratów z Karaibów - Statystyki

Ogólne statystyki
  • Ten quiz został rozwiązany 16 razy
  • Średni wynik to 4 z 5
Statystyki odpowiedzi
Część Tytuł % Poprawnych
1 Klątwa czarnej perły
94%
3 Na krańcu świata
88%
4 Na nieznanych wodach
75%
2 Skrzynia umarlaka
75%
5 Zemsta Salazara
75%
Nie znaleziono quizów pasujących do podanych kryteriów
Rozkład punktacji
Procent ludzi z każdym wynikiem
Percentyl według liczby udzielonych odpowiedzi
Twoja historia wyników
Nie rozwiązałeś tego quizu